Comunidad de la diferencia /
Con base en su experiencia personal como migrante de la Guerra en Yugoslavia, y en solidaridad con quienes durante ésta mostraron el coraje de la desobediencia civil, el autor de esta obra reflexiona sobre las condiciones de la modernidad y si aún tiene sentido ser moderno a partir del cuestionamien...
Salvato in:
| Autore principale: | |
|---|---|
| Natura: | Libro |
| Lingua: | spagnolo |
| Pubblicazione: |
Cartuja, España :
Universidad de Granada,
2004, c2004
|
| Serie: | (Biblioteca de Bolsillo Universidad de Granada. Divulgativa ;
11) |
| Soggetti: | |
| Tags: |
Nessun Tag, puoi essere il primo ad aggiungerne!!
|
MARC
| LEADER | 00000nam^a2200000^a^4500 | ||
|---|---|---|---|
| 001 | 000189563 | ||
| 005 | 20250521000000.0 | ||
| 009 | 20260310102418.771 | ||
| 020 | |a 84-338-3086-4 | ||
| 037 | |a Acervo ITESO - Biblioteca | ||
| 041 | |a ESP | ||
| 082 | |a 126. |b MIL | ||
| 100 | |a Mílovic, Míroslav |e (autor) | ||
| 245 | 1 | 0 | |a Comunidad de la diferencia / |c M. Mílovic ; tr. por Francisca Javiera Gallardo Conejera. |
| 246 | 2 | |a Título en la cubierta: Diálogo social para el proyecto de nación | |
| 264 | 4 | |a Cartuja, España : |b Universidad de Granada, |c 2004, c2004 | |
| 300 | |a 143 p. | ||
| 336 | |a texto |b txt |2 rdacontenido | ||
| 337 | |a sin mediación |b n |2 rdamedio | ||
| 338 | |a volumen |b nc |2 rdasoporte | ||
| 440 | 1 | |a (Biblioteca de Bolsillo Universidad de Granada. |p Divulgativa ; |v 11) | |
| 520 | |a Con base en su experiencia personal como migrante de la Guerra en Yugoslavia, y en solidaridad con quienes durante ésta mostraron el coraje de la desobediencia civil, el autor de esta obra reflexiona sobre las condiciones de la modernidad y si aún tiene sentido ser moderno a partir del cuestionamiento sobre la diferencia, la otredad, vistas como una nueva forma de cultura que sería consecuencia de la destrucción de la metafísica. | ||
| 649 | |a XX | ||
| 650 | |a Yo (Psicoanálisis) | ||
| 650 | |a Individualidad | ||
| 650 | |a Identidad Personal | ||
| 650 | |a Diferencia y Otredad - |x Filosofía - |x Tema Principal | ||
| 650 | |a Metafísica | ||
| 650 | |a Humanismo | ||
| 650 | |a Sociedad Postindustrial | ||
| 650 | |a Modernidad y Posmodernidad | ||
| 650 | |a Filosofía | ||
| 910 | |a Fondo General | ||
| 920 | |a Impresos - Libros | ||
| 930 | |a Colección General | ||
| 905 | |a 101 | ||
| 901 | |a 0500132609 |b IT1 |c ACC |u 20250521 | ||
| 902 | |a https://opac.biblio.iteso.mx/vufind/Record/000189563 | ||